Quick Pick: Tom Hanks Quiz Stats

 Plays Quiz Updated Apr 12, 2016

Challenge
Share
Tweet
Embed
Score 0/20 Timer 01:30
9 Plays Today
% Correct
Me
97.7%
Forrest
97.6%
Story
97.6%
Code
97.6%
Toy
97.4%
Angels
97.3%
Express
97.2%
Private
97.2%
Seattle
96.9%
Apollo
96.5%
% Correct
Captain
95.9%
Mail
95.3%
Loud
95.2%
Party
95%
Hooch
94.8%
Mile
94.8%
Money
92%
Perdition
91.4%
Atlas
89.8%
Volcano
89.4%

Today's Daily Dose

You're not logged in!

Compare scores with friends on all Sporcle quizzes.
OR
Log In

You Might Also Like...

Show Comments

Extras

Top Quizzes Today


Score Distribution

Your Account Isn't Verified!

In order to create a playlist on Sporcle, you need to verify the email address you used during registration. Go to your Sporcle Settings to finish the process.

Report this User

Report this user for behavior that violates our Community Guidelines.

Details: